000 00343nam a22001457a 4500
003 OSt
008 240831b |||||||| |||| 00| 0 eng d
020 _a9788123030241
082 _a929.9209
_bSIH
100 _aSINGH, K V
245 _aHamara Rashtriya Dhvaj (Hindi)
260 _aDelhi:
_bMIABGI,
_c2018.
300 _a197p.
942 _2ddc
_cBK
999 _c12891
_d12891